| 000 | 01500nam2a22002531 4500 | ||
|---|---|---|---|
| 001 | RU\NLR\INFOCOMM7\5000017611 | ||
| 005 | 20250617022032.0 | ||
| 035 | _a(NLR Aleph) 002373925 | ||
| 090 |
_a4580750 _c4580750 |
||
| 100 | _a20041202d1980 |||y0rusy50 ca | ||
| 101 | 0 | _arus | |
| 102 | _aRU | ||
| 105 | _ay ||||000|y | ||
| 200 | 1 |
_aКровли из рулонных материалов жилых и общественных зданий _eЗарубеж. опыт _fЕ.И. Кричевская |
|
| 210 |
_d1980 _aБ. м. |
||
| 461 | 0 |
_1001RU\NLR\INFOCOMM7\5000017543 _12001#$aСтроительство и архитектура$eОбзор. информ.$iСерия "Управление, организация и технология строительства. Экономика строительства"$fЦентр. ин-т науч. информ. по стр-ву и архитектуре$v1980, Вып.7 _94580638 _cМ. _d1979-1980 _fЦентр. ин-т науч. информ. по стр-ву и архитектуре _iСерия "Управление, организация и технология строительства. Экономика строительства" _oОбзор. информ. _tСтроительство и архитектура _v1980, Вып.7 |
|
| 700 | 1 |
_aКричевская _bЕ.И. _4070 |
|
| 801 | 1 |
_aRU _bInfoComm _c20041207 |
|
| 801 | 0 |
_aRU _bNLR _gPSBO |
|
| 852 |
_aNLR _jП10/5667 |
||
| 942 | _cISSUE | ||
| 980 | _aNB | ||
| 980 | _aRUSPER | ||